ISLAMIC HISTORY - Statistics

General Stats
  • This quiz has been taken 40 times
  • The average score is 2 of 5
Answer Stats
Question Answer % Correct
WHO COQUARED CONSTANT NOPLE MEHMET 2 1453
73%
DISCOVERER OF PLANE IBN FIRNAS
47%
AUTHOR OF KULLIYATH-FI-THIBB IBN RUSHD
33%
AUTHOR OF HUJJATHULLAH-AL-BALIGA SHAH VALIYULLAH AL-DAHLAVI
33%
WHO IS THE AUTHOR OF KITHAB AL IBR IBN KHALDUN
13%
No matching quizzes found
Score Distribution
Percent of People with Each Score
Percentile by Number Answered
Your Score History
You have not taken this quiz